Je z hlediska pojistitele české zdravotnictví připraveno na vstup do EU?

Pohľad na stav zdravorníctva v ČR pred vstupom do EU z hľadiska poistencov zdravotných poisťovní. Východzí stav. Európske okolie zdravotného poistenia. Návrhy možných riešení.

Salvato in:
Dettagli Bibliografici
Autore principale: Götz, Reichart
Altri autori: Jelínek, Josef
Natura: Capitolo di libro
Lingua:ceco
Soggetti:
Tags: Aggiungi Tag
Nessun Tag, puoi essere il primo ad aggiungerne!!

MARC

LEADER 00000naa a2200000 4500
001 r045000
005 20230922100539.5
041 0 |a cze 
044 |a CZ 
245 1 0 |a Je z hlediska pojistitele české zdravotnictví připraveno na vstup do EU?  |c Reichart Götz, Josef Jelínek 
520 |a Pohľad na stav zdravorníctva v ČR pred vstupom do EU z hľadiska poistencov zdravotných poisťovní. Východzí stav. Európske okolie zdravotného poistenia. Návrhy možných riešení. 
610 2 0 |a poistenie zdravotné 
610 2 0 |a poistenci 
610 2 0 |a zdravotníctvo 
610 2 0 |a Česko 
610 2 0 |a Európska únia 
100 1 |a Götz, Reichart 
700 1 |a Jelínek, Josef